000 00609nam a2200181Ia 4500
008 151202s9999||||xx |||||||||||||| ||und||
082 _bPNVM-36215
100 _aकोपर्डेकर शरदचंद्र.
245 _aरामकृष्ण परमहंस.
260 _b---
260 _c0
300 _a0
600 _aकोपर्डेकर शरदचंद्र.
630 _aरामकृष्ण परमहंस.
700 _aकोपर्डेकर शरदचंद्र.
730 _aरामकृष्ण परमहंस.
942 _cBOOK
999 _c1302167
_d1302164